| 000 | 00898cam a2200289 a 4500 | ||
|---|---|---|---|
| 001 | 3332057 | ||
| 003 | ARRUPE | ||
| 005 | 20131007134050.0 | ||
| 008 | 850510s1985 mau j 001 0 eng | ||
| 010 | _a 85010326 | ||
| 020 | _a057113646X | ||
| 020 | _a0571136478 (pbk.) | ||
| 040 |
_aDLC _cDLC _dDLC |
||
| 042 | _alcac | ||
| 050 | 0 | 0 |
_aPN6109.97 _b.M47 1985 |
| 100 |
_aLewis, Naomi _92132 |
||
| 245 | 0 | 0 |
_aMessages : _ba book of poems / _ccompiled by Naomi Lewis. |
| 260 |
_aLondon ; _aBoston : _bFaber and Faber, _c1985. |
||
| 300 |
_a255 p. ; _c21 cm. |
||
| 500 | _aIncludes indexes. | ||
| 520 | _aAn anthology of poetry, old and new, by a variety of poets from all over the world. | ||
| 650 | 0 |
_aChildren's poetry. _92133 |
|
| 650 | 1 |
_aPoetry _xCollections. _92134 |
|
| 700 | 1 |
_aLewis, Naomi. _92135 |
|
| 906 |
_a7 _bcbc _corignew _d1 _eocip _f19 _gy-gencatlg |
||
| 942 |
_2lcc _cMONOGRAPH |
||
| 999 |
_c118252 _d118252 |
||